Французская живопись первой половины и середины XIX века в Эрмитаже: научный каталог

Xehetasun bibliografikoak
Egile nagusia: Березина В. Н. Валентина Николаевна
Hizkuntza:errusiera
Argitaratua: Москва, Искусство, 1983
Gaiak:
Formatua: MixedMaterials Liburua
KOHA link:https://koha.lib.tpu.ru/cgi-bin/koha/opac-detail.pl?biblionumber=122488

MARC

LEADER 00000nam0a2200000 4500
001 122488
005 20231031130040.0
035 |a (RuTPU)RU\TPU\book\132617 
090 |a 122488 
100 |a 20071004d1983 km y0rusy50 ca 
101 0 |a rus 
102 |a RU 
105 |a a b 000zy 
200 1 |a Французская живопись первой половины и середины XIX века в Эрмитаже  |e научный каталог  |f В. Н. Березина 
210 |a Москва  |c Искусство  |d 1983 
215 |a 451 с.  |c ил. 
610 1 |a французская живопись 
610 1 |a 19 век 
610 1 |a Эрмитаж 
610 1 |a искусство 
610 1 |a каталоги-справочники 
675 |a 7(069)  |v 3 
675 |a 75  |v 3 
700 1 |a Березина  |b В. Н.  |g Валентина Николаевна 
801 1 |a RU  |b 63413507  |c 20071004  |g PSBO 
801 2 |a RU  |b 63413507  |c 20081112  |g PSBO 
942 |c BK